Statistics for Dog breeds named after places #1

Click here to take the quiz!

General Stats

  • This quiz has been taken 63 times
  • The average score is 6 of 10

Answer Stats

HintPlace that have dog breed namesHow it becomes a dog breed.% Correct
A Mexican stateChihuahua
95%
A ____ ShepherdGermany-y
89%
A____ BulldogFrance-ance+ench
87%
A Canadian ProvinceLabrador
82%
A ____ HuskySiberia+n
81%
A ____ BulldogBritain-ain+ish
58%
A ____ Mountain DogBern+ese
44%
A ____ dogMalta-a+ese
37%
A town in Wales. ____ Welsh CorgiPembroke
32%
A German townRottweil+er
26%

Score Distribution

Percentile by Number Answered

Percent of People with Each Score

Your Score History

You have not taken this quiz